LDR 00952naa#a2200205#i#450# 001 RU\\bibl\121383 005 20260430041604.4 011 ## _a1994-4683 100 ## _a20230531b2023####ek#y0rusy0150####ca 102 ## _aRU 200 1# _aСОЦИАЛЬНО-ПСИХОЛОГИЧЕСКИЕ АСПЕКТЫ МЕНЕДЖМЕНТА В СПОРТИВНОЙ ОРГАНИЗАЦИИ _eЖурнальная статья 210 1# _aМосква _cНациональный государственный Университет физической культуры, спорта и здоровья им. П.Ф. Лесгафта _d2023 215 ## _a4 с. 608 ## _aЖурнальная статья _2local 675 ## _aОрганизация и руководство спортом. 796.062 _z 700 #1 _aАлексина _gА О 700 #1 _aАлексин _gА Ю 700 #1 _aЛигостаева _gН Д 700 #1 _aЮркина _gН В 856 4# _auchzapiski.lesgaft.spb.ru _u